000 00795nas a2200253 4500
001 BR9406405
003 BR-BrBNA
005 20231205093646.0
007 ta
008 230509b bl.|||p| |||| 00| 00por d
040 _aBR-BrBNA
_bpor
_cBiblioteca Nacional de Agricultura
041 _a(Pt)
072 _aH60
100 1 _aFleck, N.G.
100 1 _aVidal, R.A.
245 1 _aEfeitos de metodos fisicos de controle de plantas daninhas sobre caracteristicas agronomicas do girassol
650 _aErva Daninha
650 _aControle Fisico
650 _aGirassol
650 _aRio Grande do Sul
773 0 _tPesquisa Agropecuaria Brasileira (Brazil)
_xISSN 0100-204X
_g(Nov 1993), v. 28(11) p. 1307-1318
_wBR9406405
909 _a202311
_bLúcia
_c55
_dLúcia Elande
942 _2AGRIS
_n0
_cANA
999 _c139718
_d139718